Fictional Last Names IV Quiz Stats

 Plays Quiz not verified by Sporcle

Challenge
Share
Tweet
Embed
Score 0/37 Timer 07:00
0 Plays Today
First Name Last Name % Correct
LoisLane
97.7%
KatnissEverdeen
81.4%
BarneyStinson
76.7%
CharlieBucket
65.1%
LanaLang
62.8%
Ororo 'Storm'Munroe
55.8%
Arthur 'Boo'Radley
53.5%
Wally 'Kid Flash'West
44.2%
FlynnRider
44.2%
EddieValiant
39.5%
Miles 'Tails'Prower
27.9%
BenTennyson
27.9%
Alec 'Swamp Thing'Holland
23.3%
ScottCalvin
23.3%
HolleyShiftwell
18.6%
SpikeWitwicky
18.6%
KifKroker
18.6%
AmyRose
18.6%
RodneyCopperbottom
16.3%
First Name Last Name % Correct
CarlyShay
16.3%
PeteRoss
16.3%
ToriVega
14%
BobEwell
14%
BettyCooper
14%
FreddieBenson
11.6%
OliverOken
11.6%
KevinLevin
11.6%
ReggieMantle
11.6%
RockyRoads
9.3%
LettyOrtiz
7%
DominicToretto
7%
JessiePrescott
7%
Li'l GideonGleeful
7%
BeckOliver
7%
CatValentine
7%
GilNexdor
4.7%
AstridHofferson
4.7%

You're not logged in!

Compare scores with friends on all Sporcle quizzes.
Join for Free
OR
Log In

You Might Also Like...

Show Comments

Extras

Created Jan 6, 2014ReportNominate
Tags:character, fictional, last

Top Quizzes Today


Score Distribution

Your Account Isn't Verified!

In order to create a playlist on Sporcle, you need to verify the email address you used during registration. Go to your Sporcle Settings to finish the process.

Report this User

Report this user for behavior that violates our Community Guidelines.

Details: